000 00396nam a2200157Ia 4500
003 Ost
005 20260225132538.0
008 260225s9999||||xx |||||||||||||| ||und||
040 _cfsic
041 _afre
082 _a302.23
100 _aWarren K-agee-philip h ault
_eAuteur
245 0 _aIntroduction aux communication de masse /
245 0 _cWarren K-agee-philip h ault
942 _cكتاب
999 _c33341
_d33341